000 00598nam a2200205Ia 4500
003 GCL
008 140319s9999 xx 000 0 ara d
040 _aGCL /
_cGCL
082 0 4 _a070
_bم ع
100 1 _aموسى صبرى
245 1 0 _aعشاق صاحبة الجلالة /
_cموسى صبرى
260 _a[S.N] :
_bالمكتب المصرى الحديث ،
_c1981
300 _a111 ص
490 _a
650 0 4 _aالصحافة
650 0 4 _aالصحفيون المصريون
650 0 4 _aالاخلاق الصحفية
650 0 4 _aالدعاية الصحفية
942 _2ddc
_cBK
999 _c36037
_d36037